Departamentos colombianos que comienzan con C - Estadísticas

Estadísticas generales
  • Esta prueba ha sido intentada 54 veces
  • La puntuación promedio es 7 de 8
Estadísticas de respuestas
Provincia % Correcto
Cauca
96%
Cundinamarca
89%
Caquetá
82%
Caldas
80%
Casanare
80%
Córdoba
78%
Chocó
76%
Cesar
73%
No se encontraron pruebas coincidentes
Distribución de puntuación
Porcentaje de gente con cada puntuación
Porcentaje por número respondido
Historial de tus puntuaciones
No has intentado esta prueba.